banner-ar

مصرى فى فيتنام وكوريا والصين / (Record no. 40432)

MARC details
000 -الفاتح
حقل البيانات ثابتة الطول 00486nam a2200169Ia 4500
008 - عناصر البيانات ثابتة الطول - معلومات عامة
حقل البيانات ثابتة الطول 140319s9999 xx 000 0 ara d
040 ## - مصدر الفهرسة
وكالة الفهرسة الأصلية GCL /
وكالة النسخ GCL
082 04 - رقم تصنيف ديوى العشرى
رقم التصنيف 915.97
رقم المادة أ م
100 1# - المدخل الرئيسى - إسم شخصى
الإسم الشخصى احمد حمروش
245 10 - بيان العنوان
العنوان مصرى فى فيتنام وكوريا والصين /
بيان المسئوليه,etc احمد حمروش
300 ## - الوصف المادى
التعداد 112 ص ؛
أبعاد الوعاء 20سم
650 04 - المدخل الاضافى بالموضوع-مصطلح موضوعى
مصطلح موضوعي وصف ورحلات
650 04 - المدخل الاضافى بالموضوع-مصطلح موضوعى
مصطلح موضوعي العالم - وصف ورحلات
650 04 - المدخل الاضافى بالموضوع-مصطلح موضوعى
مصطلح موضوعي فيتنام
942 ## - عناصر المدخل الإضافي( كوها)
مصدر التصنيف او مخطط الترفيف Dewey Decimal Classification
Koha [default] item type كتاب
Holdings
حالة التراجع حالة الفقد حالة تلف ليس للاعارة المكان المؤقت الموقع الحالى تاريخ الاكتساب اجمالي اﻻعارات رقم الطلب الباركود تاريخ اخر مشاهدة تاريخ تفعيل السعر نوع وعاء كوها
        مكتبة القاهرة الكبرى مكتبة القاهرة الكبرى 03/26/2014   915.97\أ م 97961 03/26/2014 03/26/2014 كتاب
        مكتبة القاهرة الكبرى مكتبة القاهرة الكبرى 03/26/2014   915.97\أ م 97962 03/26/2014 03/26/2014 كتاب
        مكتبة القاهرة الكبرى مكتبة القاهرة الكبرى 03/26/2014   915.97\أ م 97963 03/26/2014 03/26/2014 كتاب

Powered By

EGPV